Saltar ao contenido

Иммунология

В учебном пособии дана характеристика иммунной системы человека, на клеточно-молекулярном уровне описаны конститутивные и индуцибельные механизмы защиты организма от проникновения чужеродных антигенов, рассмотрены структура иммуноглобулинов и генетические основы формирования их специфичности. Привод...

Descrición completa

Gardado en:
Detalles Bibliográficos
Autor Principal: Песнякевич А. Г.
Formato: Книга
Idioma:Russian
Publicado: Минск БГУ 2018
Acceso en liña:https://e.lanbook.com/book/180421
https://e.lanbook.com/img/cover/book/180421.jpg
Метки: Engadir etiqueta
Sen Etiquetas, Sexa o primeiro en etiquetar este rexistro!
LEADER 02363nam0a2200277 i 4500
001 180421
003 RuSpLAN
005 20221220174134.0
008 221220s2018 ru gs 000 0 rus
020 |a 978-985-566-628-9 
040 |a RuSpLAN 
041 0 |a rus 
044 |a ru 
080 |a 577.27(075.8) 
084 |a 28.074я73  |2 rubbk 
245 0 0 |a Иммунология  |c Песнякевич А. Г. 
260 |a Минск  |b БГУ  |c 2018 
300 |a 255 с. 
500 |a Допущено Министерством образования Республики Беларусь в качестве учебного пособия для студентов учреждений высшего образования по специальностям «Биология (по направлениям)», «Биохимия», «Микробиология» 
504 |a Библиогр.: доступна в карточке книги, на сайте ЭБС Лань 
520 8 |a В учебном пособии дана характеристика иммунной системы человека, на клеточно-молекулярном уровне описаны конститутивные и индуцибельные механизмы защиты организма от проникновения чужеродных антигенов, рассмотрены структура иммуноглобулинов и генетические основы формирования их специфичности. Приводятся сведения о методах биологических исследований, базирующихся на использовании антител, а также об иммунодефицитах и их клинических проявлениях. Предназначено для студентов учреждений высшего образования по специальностям «Биология (по направлениям)», «Биохимия», «Микробиология» 
521 8 |a Книга из коллекции БГУ - Биология 
100 1 |a Песнякевич А. Г. 
856 4 |u https://e.lanbook.com/book/180421 
856 4 8 |u https://e.lanbook.com/img/cover/book/180421.jpg 
953 |a https://e.lanbook.com/img/cover/book/180421.jpg